[Event "DEM U12 2021"]
[Site "Willingen GER"]
[Date "2021.08.24"]
[Round "3"]
[White "Goldmann, David"]
[Black "Wunderlich, Elias"]
[Result "1/2-1/2"]
[Termination "normal"]
[Board "8"]
[WhiteElo "1629"]
[BlackElo "1657"]
[WhiteClock "00:44:36"]
[BlackClock "00:13:22"]
[PlyCount "85"]
[WhiteFideId "16268920"]
[BlackFideId "34608087"]
[EventCountry "GER"]
[EventRounds "9"]
[EventType "swiss"]
[EventDate "2021.08.22"]

1. e4 {[%clk 01:30:59]} e6 {[%clk 01:30:55]} {[%emt 00:00:06]} 2. d4 {[%clk
01:31:22]} {[%emt 00:00:07]} d5 {[%clk 01:31:19]} {[%emt 00:00:06]} 3. exd5
{[%clk 01:31:46]} {[%emt 00:00:05]} exd5 {[%clk 01:31:45]} {[%emt 00:00:04]} 4.
c4 {[%clk 01:32:05]} {[%emt 00:00:11]} Nf6 {[%clk 01:32:09]} {[%emt 00:00:07]}
5. Nc3 {[%clk 01:32:12]} {[%emt 00:00:23]} Be7 {[%clk 01:32:15]} {[%emt
00:00:24]} 6. Nf3 {[%clk 01:31:24]} {[%emt 00:01:17]} O-O {[%clk 01:32:27]}
{[%emt 00:00:18]} 7. Be2 {[%clk 01:31:19]} {[%emt 00:00:35]} dxc4 {[%clk
01:32:50]} {[%emt 00:00:08]} 8. Bxc4 {[%clk 01:31:35]} {[%emt 00:00:14]} Nbd7
{[%clk 01:32:57]} {[%emt 00:00:23]} 9. O-O {[%clk 01:29:55]} {[%emt 00:02:09]}
Nb6 {[%clk 01:33:17]} {[%emt 00:00:11]} 10. Bb3 {[%clk 01:30:08]} {[%emt
00:00:17]} Bg4 {[%clk 01:33:13]} {[%emt 00:00:33]} 11. Be3 {[%clk 01:28:43]}
{[%emt 00:01:54]} c6 {[%clk 01:33:26]} {[%emt 00:00:19]} 12. h3 {[%clk
01:26:58]} {[%emt 00:02:15]} Bh5 {[%clk 01:33:38]} {[%emt 00:00:18]} 13. g4
{[%clk 01:27:17]} {[%emt 00:00:11]} Bg6 {[%clk 01:33:06]} {[%emt 00:01:02]} 14.
Ne5 {[%clk 01:25:41]} {[%emt 00:02:05]} Nfd5 {[%clk 01:32:56]} {[%emt
00:00:40]} 15. Qf3 {[%clk 01:22:14]} {[%emt 00:03:58]} f5 {[%clk 01:20:49]}
{[%emt 00:12:36]} 16. Nxg6 {[%clk 01:20:19]} {[%emt 00:02:25]} hxg6 {[%clk
01:21:05]} {[%emt 00:00:14]} 17. Nxd5 {[%clk 01:20:31]} {[%emt 00:00:18]} cxd5
{[%clk 01:20:47]} {[%emt 00:00:49]} 18. Qg3 {[%clk 01:16:02]} {[%emt 00:04:58]}
Bh4 {[%clk 01:13:19]} {[%emt 00:07:58]} 19. Qh2 {[%clk 01:15:13]} {[%emt
00:01:18]} Qd7 {[%clk 01:12:55]} {[%emt 00:00:55]} 20. g5 {[%clk 01:14:04]}
{[%emt 00:01:40]} f4 {[%clk 01:12:58]} {[%emt 00:00:26]} 21. Bxf4 {[%clk
01:14:04]} {[%emt 00:00:30]} Qf5 {[%clk 01:13:21]} {[%emt 00:00:07]} 22. Be3
{[%clk 01:14:00]} {[%emt 00:00:34]} Bxg5 {[%clk 01:12:54]} {[%emt 00:00:58]}
23. Qg2 {[%clk 01:05:17]} {[%emt 00:09:12]} Be7 {[%clk 01:07:25]} {[%emt
00:06:00]} 24. Rac1 {[%clk 00:59:01]} {[%emt 00:06:45]} Rac8 {[%clk 01:06:10]}
{[%emt 00:01:46]} 25. Qg4 {[%clk 00:58:36]} {[%emt 00:00:56]} Nc4 {[%clk
00:54:16]} {[%emt 00:12:23]} 26. Qxf5 {[%clk 00:54:51]} {[%emt 00:04:14]} gxf5
{[%clk 00:54:29]} {[%emt 00:00:17]} 27. Bf4 {[%clk 00:54:24]} {[%emt 00:00:57]}
b5 {[%clk 00:54:17]} {[%emt 00:00:42]} 28. Rfe1 {[%clk 00:54:11]} {[%emt
00:00:44]} Bf6 {[%clk 00:52:43]} {[%emt 00:02:04]} 29. Be5 {[%clk 00:51:16]}
{[%emt 00:03:25]} Kf7 {[%clk 00:32:53]} {[%emt 00:20:30]} 30. Bxf6 {[%clk
00:51:17]} {[%emt 00:00:29]} Kxf6 {[%clk 00:33:10]} {[%emt 00:00:12]} 31. Bxc4
{[%clk 00:51:25]} {[%emt 00:00:22]} bxc4 {[%clk 00:33:06]} {[%emt 00:00:34]}
32. Re5 {[%clk 00:51:29]} {[%emt 00:00:25]} Rfd8 {[%clk 00:33:14]} {[%emt
00:00:23]} 33. f4 {[%emt 00:02:23]} g6 {[%clk 00:28:49]} {[%emt 00:04:54]} 34.
Rce1 {[%clk 00:48:56]} {[%emt 00:01:11]} Rc6 {[%clk 00:28:52]} {[%emt
00:00:27]} 35. Re7 {[%clk 00:47:19]} {[%emt 00:02:07]} g5 {[%clk 00:22:39]}
{[%emt 00:06:43]} 36. fxg5+ {[%clk 00:47:21]} {[%emt 00:00:28]} Kxg5 {[%clk
00:23:03]} {[%emt 00:00:06]} 37. Rxa7 {[%clk 00:47:27]} {[%emt 00:00:25]} Rb6
{[%clk 00:23:13]} {[%emt 00:00:19]} 38. Re2 {[%clk 00:47:28]} {[%emt 00:00:29]}
Rdb8 {[%clk 00:21:40]} {[%emt 00:02:02]} 39. Rg7+ {[%clk 00:44:45]} {[%emt
00:03:13]} Kf6 {[%clk 00:19:07]} {[%emt 00:03:04]} 40. Rgg2 {[%clk 00:44:22]}
{[%emt 00:00:53]} Ra8 {[%clk 00:18:45]} {[%emt 00:00:52]} 41. a3 {[%clk
00:44:45]} {[%emt 00:00:07]} Rb3 {[%clk 00:18:59]} {[%emt 00:00:16]} 42. Kh2
{[%clk 00:44:34]} {[%emt 00:00:40]} c3 {[%clk 00:13:22]} {[%emt 00:06:08]} 43.
bxc3 {[%clk 00:44:36]} {[%emt 00:00:27]} 1/2-1/2

[Event "DEM U12 2021"]
[Site "Willingen GER"]
[Date "2021.08.24"]
[Round "3"]
[White "Sommer, Justus"]
[Black "Jahnz, Laurin"]
[Result "0-1"]
[Termination "normal"]
[Board "9"]
[WhiteElo "1790"]
[BlackElo "1546"]
[WhiteClock "00:05:25"]
[BlackClock "00:01:55"]
[PlyCount "90"]
[WhiteFideId "16245008"]
[BlackFideId "16261089"]
[EventCountry "GER"]
[EventRounds "9"]
[EventType "swiss"]
[EventDate "2021.08.22"]

1. e4 {[%clk 01:30:42]} {[%emt 00:00:14]} c6 {[%clk 01:30:57]} {[%emt
00:00:07]} 2. d4 {[%clk 01:31:01]} {[%emt 00:00:10]} d5 {[%clk 01:31:23]}
{[%emt 00:00:04]} 3. exd5 {[%clk 01:31:23]} {[%emt 00:00:09]} cxd5 {[%clk
01:31:49]} {[%emt 00:00:04]} 4. Bd3 {[%clk 01:31:12]} {[%emt 00:00:39]} Nf6
{[%clk 01:32:12]} {[%emt 00:00:08]} 5. Bf4 {[%clk 01:31:09]} {[%emt 00:00:32]}
Bg4 {[%clk 01:32:17]} {[%emt 00:00:26]} 6. f3 {[%clk 01:31:17]} {[%emt
00:00:21]} Bh5 {[%clk 01:32:36]} {[%emt 00:00:12]} 7. c3 {[%clk 01:30:50]}
{[%emt 00:00:57]} e6 {[%clk 01:32:09]} {[%emt 00:00:57]} 8. Ne2 {[%clk
01:30:01]} {[%emt 00:01:18]} Nc6 {[%clk 01:31:19]} {[%emt 00:01:21]} 9. Qb3
{[%clk 01:27:54]} {[%emt 00:02:37]} Qd7 {[%clk 01:29:28]} {[%emt 00:02:20]} 10.
Bg3 {[%clk 01:25:46]} {[%emt 00:02:38]} Bg6 {[%clk 01:27:50]} {[%emt 00:02:09]}
11. Nf4 {[%clk 01:24:46]} {[%emt 00:01:30]} Nh5 {[%clk 01:15:55]} {[%emt
00:12:25]} 12. Nxg6 {[%clk 01:17:29]} {[%emt 00:07:47]} hxg6 {[%clk 01:16:14]}
{[%emt 00:00:12]} 13. Bf2 {[%clk 01:17:31]} {[%emt 00:00:27]} Nf4 {[%clk
01:13:43]} {[%emt 00:03:01]} 14. Bf1 {[%clk 01:17:50]} {[%emt 00:00:10]} Bd6
{[%clk 01:07:49]} {[%emt 00:06:26]} 15. g3 {[%clk 01:13:23]} {[%emt 00:04:56]}
Nh5 {[%clk 01:06:21]} {[%emt 00:01:58]} 16. Bg2 {[%clk 01:13:38]} {[%emt
00:00:15]} g5 {[%clk 01:00:22]} {[%emt 00:06:28]} 17. Nd2 {[%clk 01:10:24]}
{[%emt 00:03:44]} Rc8 {[%clk 00:44:35]} {[%emt 00:16:18]} 18. Be3 {[%clk
01:02:01]} {[%emt 00:08:53]} f6 {[%clk 00:39:42]} {[%emt 00:05:24]} 19. Qb5
{[%clk 00:49:49]} {[%emt 00:12:42]} a6 {[%clk 00:30:42]} {[%emt 00:09:29]} 20.
Qd3 {[%clk 00:49:05]} {[%emt 00:01:13]} Kf7 {[%clk 00:28:58]} {[%emt 00:02:15]}
21. Bf2 {[%clk 00:40:21]} {[%emt 00:09:12]} f5 {[%clk 00:25:04]} {[%emt
00:04:26]} 22. O-O {[%clk 00:28:14]} {[%emt 00:12:36]} Rh6 {[%clk 00:19:32]}
{[%emt 00:06:02]} 23. c4 {[%clk 00:26:04]} {[%emt 00:02:41]} Nf6 {[%clk
00:15:09]} {[%emt 00:04:54]} 24. cxd5 {[%clk 00:21:52]} {[%emt 00:04:40]} exd5
{[%clk 00:15:15]} {[%emt 00:00:25]} 25. Rae1 {[%clk 00:16:00]} {[%emt
00:06:22]} Rch8 {[%clk 00:12:59]} {[%emt 00:02:46]} 26. h3 {[%clk 00:16:11]}
{[%emt 00:00:19]} Nh5 {[%clk 00:06:30]} {[%emt 00:06:59]} 27. f4 {[%clk
00:14:43]} {[%emt 00:01:58]} gxf4 {[%clk 00:05:34]} {[%emt 00:01:26]} 28. Bxd5+
{[%clk 00:14:54]} {[%emt 00:00:19]} Kf8 {[%clk 00:06:00]} {[%emt 00:00:04]} 29.
Be6 {[%clk 00:13:33]} {[%emt 00:01:51]} Rxe6 {[%clk 00:02:23]} {[%emt
00:04:07]} 30. Qxf5+ {[%clk 00:13:29]} {[%emt 00:00:33]} Ke7 {[%clk 00:02:47]}
{[%emt 00:00:06]} 31. Qg5+ {[%clk 00:12:35]} {[%emt 00:01:25]} Kf7 {[%clk
00:03:03]} {[%emt 00:00:15]} 32. Rxe6 {[%clk 00:07:41]} {[%emt 00:05:23]} Qxe6
{[%clk 00:03:20]} {[%emt 00:00:12]} 33. d5 {[%clk 00:07:56]} {[%emt 00:00:16]}
Qe5 {[%clk 00:03:43]} {[%emt 00:00:07]} 34. Nf3 {[%clk 00:07:43]} {[%emt
00:00:43]} Qxg5 {[%clk 00:03:32]} {[%emt 00:00:41]} 35. Nxg5+ {[%clk 00:08:02]}
{[%emt 00:00:11]} Kg6 {[%clk 00:03:30]} {[%emt 00:00:32]} 36. dxc6 {[%clk
00:08:08]} {[%emt 00:00:25]} Kxg5 {[%clk 00:03:27]} {[%emt 00:00:32]} 37. cxb7
{[%clk 00:08:03]} {[%emt 00:00:35]} Rb8 {[%clk 00:01:23]} {[%emt 00:02:33]} 38.
Rd1 {[%clk 00:07:17]} {[%emt 00:01:16]} fxg3 {[%clk 00:00:48]} {[%emt
00:01:06]} 39. Be3+ {[%clk 00:07:05]} {[%emt 00:00:42]} Bf4 {[%clk 00:01:13]}
{[%emt 00:00:06]} 40. Rd5+ {[%clk 00:07:25]} {[%emt 00:00:09]} Kg6 {[%clk
00:01:37]} {[%emt 00:00:06]} 41. Bxf4 {[%clk 00:07:11]} {[%emt 00:00:45]} Nxf4
{[%clk 00:01:57]} {[%emt 00:00:09]} 42. Rd6+ {[%clk 00:07:22]} {[%emt
00:00:19]} Kh7 {[%clk 00:01:52]} {[%emt 00:00:35]} 43. Kf1 {[%clk 00:06:49]}
{[%emt 00:01:01]} Rxb7 {[%clk 00:01:45]} {[%emt 00:00:39]} 44. Rxa6 {[%clk
00:05:58]} {[%emt 00:01:21]} Rxb2 {[%clk 00:02:03]} {[%emt 00:00:13]} 45. Ra4
{[%clk 00:05:25]} {[%emt 00:01:03]} Rb1# {[%clk 00:01:55]} {[%emt 00:00:06]}
0-1

[Event "DEM U12 2021"]
[Site "Willingen GER"]
[Date "2021.08.24"]
[Round "3"]
[White "Neuhoff, Laertes"]
[Black "Nönnig, Jakob"]
[Result "1-0"]
[Termination "normal"]
[Board "10"]
[WhiteElo "1847"]
[BlackElo "1442"]
[WhiteClock "00:02:10"]
[BlackClock "00:02:14"]
[PlyCount "107"]
[WhiteFideId "16279719"]
[BlackFideId "16289447"]
[EventCountry "GER"]
[EventRounds "9"]
[EventType "swiss"]
[EventDate "2021.08.22"]

1. e4 {[%clk 01:30:59]} e5 {[%clk 01:30:54]} {[%emt 00:00:06]} 2. Nf3 {[%clk
01:31:26]} {[%emt 00:00:04]} Nc6 {[%clk 01:31:16]} {[%emt 00:00:08]} 3. Bc4
{[%clk 01:31:41]} {[%emt 00:00:15]} Bc5 {[%clk 01:31:22]} {[%emt 00:00:24]} 4.
c3 {[%clk 01:32:04]} {[%emt 00:00:07]} Nf6 {[%clk 01:31:36]} {[%emt 00:00:15]}
5. d4 {[%clk 01:32:28]} {[%emt 00:00:06]} exd4 {[%clk 01:31:56]} {[%emt
00:00:10]} 6. e5 {[%clk 01:32:51]} {[%emt 00:00:08]} d5 {[%clk 01:32:14]}
{[%emt 00:00:12]} 7. Be2 {[%clk 01:33:08]} {[%emt 00:00:13]} Ne4 {[%clk
01:30:52]} {[%emt 00:01:52]} 8. cxd4 {[%clk 01:33:27]} {[%emt 00:00:11]} Bb6
{[%clk 01:28:03]} {[%emt 00:03:19]} 9. Nc3 {[%clk 01:33:04]} {[%emt 00:00:52]}
Bf5 {[%clk 01:22:56]} {[%emt 00:05:38]} 10. O-O {[%clk 01:30:38]} {[%emt
00:02:55]} O-O {[%clk 01:21:21]} {[%emt 00:02:04]} 11. Be3 {[%clk 01:26:26]}
{[%emt 00:04:43]} f6 {[%clk 01:10:26]} {[%emt 00:11:26]} 12. exf6 {[%clk
01:18:40]} {[%emt 00:08:16]} Nxf6 {[%clk 01:10:23]} {[%emt 00:00:32]} 13. Rc1
{[%clk 01:13:20]} {[%emt 00:05:51]} Qd6 {[%clk 01:04:15]} {[%emt 00:06:35]} 14.
h3 {[%clk 01:05:44]} {[%emt 00:08:09]} Rad8 {[%clk 01:01:03]} {[%emt 00:03:42]}
15. a3 {[%clk 01:00:21]} {[%emt 00:05:53]} a6 {[%clk 00:51:36]} {[%emt
00:09:57]} 16. Na4 {[%clk 00:53:44]} {[%emt 00:07:07]} Ba7 {[%clk 00:47:09]}
{[%emt 00:04:57]} 17. b4 {[%clk 00:51:37]} {[%emt 00:02:37]} Ne7 {[%clk
00:43:47]} {[%emt 00:03:52]} 18. Nc5 {[%clk 00:48:49]} {[%emt 00:03:17]} Bxc5
{[%clk 00:42:38]} {[%emt 00:01:39]} 19. bxc5 {[%clk 00:43:14]} {[%emt
00:06:06]} Qe6 {[%clk 00:39:47]} {[%emt 00:03:21]} 20. Bf4 {[%clk 00:36:27]}
{[%emt 00:07:16]} Rd7 {[%clk 00:34:13]} {[%emt 00:06:04]} 21. Ne5 {[%clk
00:30:05]} {[%emt 00:06:52]} Rdd8 {[%clk 00:34:16]} {[%emt 00:00:27]} 22. Re1
{[%clk 00:26:29]} {[%emt 00:04:07]} Nc6 {[%clk 00:27:43]} {[%emt 00:07:02]} 23.
g4 {[%clk 00:18:40]} {[%emt 00:08:19]} Be4 {[%clk 00:17:20]} {[%emt 00:10:53]}
24. f3 {[%clk 00:15:55]} {[%emt 00:03:15]} Nxe5 {[%clk 00:17:00]} {[%emt
00:00:50]} 25. Bxe5 {[%clk 00:14:45]} {[%emt 00:01:39]} Bg6 {[%clk 00:15:12]}
{[%emt 00:02:19]} 26. Bxc7 {[%clk 00:13:49]} {[%emt 00:01:27]} Rc8 {[%clk
00:15:11]} {[%emt 00:00:32]} 27. Bd3 {[%clk 00:09:41]} {[%emt 00:04:37]} Qf7
{[%clk 00:13:08]} {[%emt 00:02:33]} 28. Bd6 {[%clk 00:09:37]} {[%emt 00:00:34]}
Rfe8 {[%clk 00:13:02]} {[%emt 00:00:36]} 29. Qd2 {[%clk 00:05:02]} {[%emt
00:05:05]} h5 {[%clk 00:12:13]} {[%emt 00:01:19]} 30. Re5 {[%clk 00:03:17]}
{[%emt 00:02:14]} hxg4 {[%clk 00:11:52]} {[%emt 00:00:51]} 31. hxg4 {[%clk
00:03:20]} {[%emt 00:00:28]} Bxd3 {[%clk 00:08:20]} {[%emt 00:04:02]} 32. Qxd3
{[%clk 00:03:37]} {[%emt 00:00:13]} Red8 {[%clk 00:08:16]} {[%emt 00:00:33]}
33. Re7 {[%clk 00:03:14]} {[%emt 00:00:54]} Qf8 {[%clk 00:08:45]} 34. Rce1
{[%clk 00:02:58]} {[%emt 00:00:46]} Rc6 {[%clk 00:05:55]} {[%emt 00:03:19]} 35.
Rxb7 {[%clk 00:02:41]} {[%emt 00:00:47]} Rcxd6 {[%clk 00:06:13]} {[%emt
00:00:11]} 36. cxd6 {[%clk 00:03:07]} {[%emt 00:00:05]} Qxd6 {[%clk 00:06:31]}
{[%emt 00:00:12]} 37. Kg2 {[%clk 00:02:38]} {[%emt 00:00:59]} Qc6 {[%clk
00:04:39]} {[%emt 00:02:22]} 38. Ree7 {[%clk 00:02:25]} {[%emt 00:00:43]} Nd7
{[%clk 00:05:02]} {[%emt 00:00:07]} 39. Qf5 {[%clk 00:01:30]} {[%emt 00:01:25]}
Rf8 {[%clk 00:03:42]} {[%emt 00:01:50]} 40. Qe6+ {[%clk 00:00:55]} {[%emt
00:01:05]} Qxe6 {[%clk 00:03:14]} {[%emt 00:00:58]} 41. Rxe6 {[%clk 00:01:24]}
Nf6 {[%clk 00:01:31]} {[%emt 00:02:13]} 42. Ree7 {[%clk 00:00:54]} {[%emt
00:01:00]} Rc8 {[%clk 00:01:24]} {[%emt 00:00:36]} 43. Rxg7+ {[%clk 00:01:16]}
{[%emt 00:00:09]} Kh8 {[%clk 00:01:33]} {[%emt 00:00:21]} 44. g5 {[%clk
00:00:41]} {[%emt 00:01:05]} Ne8 {[%clk 00:01:34]} {[%emt 00:00:29]} 45. Rgd7
{[%clk 00:00:38]} {[%emt 00:00:33]} Rc2+ {[%clk 00:01:07]} {[%emt 00:00:57]}
46. Kg3 {[%emt 00:00:25]} Rc8 {[%clk 00:01:22]} 47. f4 {[%clk 00:01:03]} {[%emt
00:00:23]} Rc3+ {[%clk 00:01:31]} {[%emt 00:00:22]} 48. Kg4 {[%clk 00:01:21]}
{[%emt 00:00:12]} Rc8 {[%clk 00:01:34]} {[%emt 00:00:27]} 49. f5 {[%clk
00:01:30]} {[%emt 00:00:21]} a5 {[%clk 00:01:32]} {[%emt 00:00:32]} 50. f6
{[%clk 00:01:42]} {[%emt 00:00:17]} a4 {[%clk 00:01:33]} {[%emt 00:00:30]} 51.
Rh7+ {[%clk 00:01:54]} {[%emt 00:00:18]} Kg8 {[%clk 00:01:41]} {[%emt
00:00:21]} 52. f7+ {[%clk 00:01:58]} {[%emt 00:00:27]} Kf8 {[%clk 00:02:02]}
{[%emt 00:00:08]} 53. fxe8=Q+ {[%clk 00:02:17]} {[%emt 00:00:12]} Rxe8 {[%clk
00:02:14]} {[%emt 00:00:18]} 54. Rh8# {[%clk 00:02:10]} {[%emt 00:00:06]} 1-0

[Event "DEM U12 2021"]
[Site "Willingen GER"]
[Date "2021.08.24"]
[Round "3"]
[White "Zobel, Christian"]
[Black "Uyar, Levin"]
[Result "0-1"]
[Termination "normal"]
[Board "11"]
[WhiteElo "1641"]
[BlackElo "1048"]
[WhiteClock "00:20:43"]
[BlackClock "00:11:59"]
[PlyCount "58"]
[WhiteFideId "16259068"]
[BlackFideId "16282108"]
[EventCountry "GER"]
[EventRounds "9"]
[EventType "swiss"]
[EventDate "2021.08.22"]

1. e4 {[%clk 01:30:42]} {[%emt 00:00:18]} e5 {[%clk 01:30:45]} {[%emt
00:00:15]} 2. Nf3 {[%clk 01:31:06]} {[%emt 00:00:05]} Nc6 {[%clk 01:31:07]}
{[%emt 00:00:09]} 3. Nc3 {[%clk 01:31:01]} {[%emt 00:00:36]} Bc5 {[%clk
01:30:47]} {[%emt 00:00:49]} 4. Bc4 {[%clk 01:30:46]} {[%emt 00:00:45]} Nf6
{[%clk 01:31:00]} {[%emt 00:00:16]} 5. d3 {[%clk 01:30:26]} {[%emt 00:00:52]}
d6 {[%emt 00:00:41]} 6. h3 {[%clk 01:30:08]} {[%emt 00:00:45]} h6 {[%clk
01:29:00]} {[%emt 00:02:22]} 7. O-O {[%clk 01:27:23]} {[%emt 00:03:15]} Be6
{[%clk 01:29:03]} {[%emt 00:00:27]} 8. Bb3 {[%clk 01:27:02]} {[%emt 00:00:50]}
Bxb3 {[%clk 01:27:50]} {[%emt 00:01:43]} 9. axb3 {[%clk 01:27:22]} {[%emt
00:00:10]} Qd7 {[%clk 01:27:08]} {[%emt 00:01:11]} 10. Na4 {[%clk 01:26:24]}
{[%emt 00:01:29]} O-O-O {[%clk 01:25:07]} {[%emt 00:02:29]} 11. Nxc5 {[%clk
01:24:39]} {[%emt 00:02:18]} dxc5 {[%clk 01:25:24]} {[%emt 00:00:12]} 12. Be3
{[%clk 01:23:55]} {[%emt 00:01:14]} b6 {[%clk 01:20:33]} {[%emt 00:05:22]} 13.
Qb1 {[%clk 01:23:51]} {[%emt 00:00:33]} a5 {[%clk 01:20:00]} {[%emt 00:01:03]}
14. Nd2 {[%clk 01:12:04]} {[%emt 00:12:17]} g5 {[%clk 01:17:41]} {[%emt
00:02:49]} 15. Nc4 {[%clk 01:11:54]} {[%emt 00:00:41]} Qe6 {[%clk 01:13:27]}
{[%emt 00:04:43]} 16. Bxc5 {[%clk 01:01:32]} {[%emt 00:10:53]} bxc5 {[%clk
01:12:47]} {[%emt 00:01:09]} 17. Nxa5 {[%clk 01:01:57]} {[%emt 00:00:06]} Nxa5
{[%clk 01:12:05]} {[%emt 00:01:12]} 18. Rxa5 {[%clk 01:02:22]} {[%emt
00:00:05]} Kd7 {[%clk 01:10:22]} {[%emt 00:02:12]} 19. Qa2 {[%clk 01:02:26]}
{[%emt 00:00:27]} Ke7 {[%clk 00:56:35]} {[%emt 00:14:15]} 20. Rxc5 {[%clk
00:55:57]} {[%emt 00:07:00]} c6 {[%clk 00:48:41]} {[%emt 00:08:23]} 21. Qa3
{[%clk 00:52:14]} {[%emt 00:04:14]} Ke8 {[%clk 00:33:58]} {[%emt 00:15:13]} 22.
Qa6 {[%clk 00:44:40]} {[%emt 00:08:04]} Rd6 {[%clk 00:29:35]} {[%emt 00:04:53]}
23. Ra1 {[%clk 00:27:57]} {[%emt 00:17:13]} Kf8 {[%clk 00:28:06]} {[%emt
00:01:59]} 24. d4 {[%clk 00:26:40]} {[%emt 00:01:47]} Nd7 {[%clk 00:19:30]}
{[%emt 00:09:05]} 25. Rc4 {[%clk 00:22:10]} {[%emt 00:05:01]} exd4 {[%clk
00:14:05]} {[%emt 00:05:55]} 26. Qa3 {[%clk 00:20:21]} {[%emt 00:02:20]} Kg7
{[%clk 00:13:49]} {[%emt 00:00:46]} 27. Re1 {[%clk 00:20:17]} {[%emt 00:00:33]}
c5 {[%clk 00:12:50]} {[%emt 00:01:28]} 28. e5 {[%clk 00:20:24]} {[%emt
00:00:24]} Nxe5 {[%clk 00:11:59]} {[%emt 00:01:21]} 29. Rxc5 {[%clk 00:20:43]}
{[%emt 00:00:12]} Nf3+ {[%emt 00:01:31]} 0-1